Days of the Week Quiz Stats

 Plays Quiz Updated Aug 13, 2012

Also try: Week Words
Challenge
Share
Tweet
Embed
Score 0/35 Timer 06:00
6 Plays Today
Description Day % Correct
''_____ Night Live''???
89.8%
Super Bowl _____???
88.8%
''Ash _____''; occurs 46 days before Easter???
88.2%
Day named for the planet Saturn???
85.8%
''Ruby _____'' (Rolling Stones)???
83.7%
''Manic _____'' (The Bangles)???
83.2%
Day named for the Old Norse god Thor, or Thunor, in most Germanic languages ???
82.5%
Idiom referring to one who drives slowly or leisurely, as if sightseeing: ''_____ driver''???
82%
Rebecca Black song or Ice Cube film???
78.5%
Sometimes referred to as ''hump day'' in American English slang???
77.9%
Traditionally, Roman Catholics were to refrain from eating meat (except for fish) on this day???
76.6%
Comic cat Garfield's most hated day???
75.9%
In the US, Martin Luther King Day falls on this day in the third week of January???
73.9%
Oliver Stone film ''Any Given _____''???
72%
Due to a small statistical anomaly in the Gregorian Calendar, the 13th of any month is slightly more likely to fall on this day than any of the other six???
71.2%
''_____ Bloody _____'' (U2 song)???
70.9%
Day for national elections in the United States???
66.2%
Mardi Gras occurs on this day???
66%
Description Day % Correct
The second day of the calendar week in such countries as the US, Canada, and Japan???
64.9%
1940 screwball comedy ''His Girl _____''???
59.3%
Day shares a name with a member of ''The Addams Family''???
58.6%
The Jewish Sabbath begins at sunset on this day???
56.4%
The first day of the week on traditional Hebrew, Christian, and Islamic calendars???
56.2%
Official day of rest in Israel, and only day in New Zealand on which elections can be held???
55.5%
''Cyber _____'': Online shopping day that follows Thanksgiving weekend (US)???
55%
Day of the September 11th attacks???
53.5%
A large majority of UK football league games are played on this day???
51.5%
''Maundy _____''; Christian holy day marking the Last Supper???
43.7%
Dies Martis or ''Day of Mars'' in Latin???
37.6%
Dies Mercurii or ''Day of Mercury'' in Latin???
34.4%
Day called Guruvaar in the Hindu religion; named for Jupiter, the largest of planets???
29.2%
Day originally named for the Norse god, Odin???
25.7%
Called ''Lördag'' (Bath Day) in Scandinavian countries, from the Viking practice of bathing on this day???
24.3%
''_____'s Child'' (song by both The Chameleons and David Bowie)???
8%
''Sweet _____'' (John Steinbeck novel)???
7.6%

You're not logged in!

Compare scores with friends on all Sporcle quizzes.
OR
Log In

You Might Also Like...

Show Comments

Extras

Top Quizzes Today


Score Distribution

Your Account Isn't Verified!

In order to create a playlist on Sporcle, you need to verify the email address you used during registration. Go to your Sporcle Settings to finish the process.

Report this User

Report this user for behavior that violates our Community Guidelines.

Details: